• 首页
  • 本馆介绍
  • 公告通知
  • 最新文献
  • 馆藏检索
  • 电子资源
  • 读者导购
  • 参考咨询
  • 我的图书馆
  • 登录
  • 详细信息显示
  • 放入我的书架
  • 预约/预借图书
  • 作者相关作品
  • 分类相关作品
  • 丛书相关作品
  • 出版社相关作品

书目信息

  • 表格格式
  • 工作单格式
  • 卡片格式
题名:
诗学史
    
 
作者: 贝西埃 主编 ;史忠义 译
分册: 上册  
出版信息: 天津   百花文艺出版社  2002
页数: 505页
开本: 20cm
丛书名: 新世纪人文译丛
单 册:
中图分类: I106.2
科图分类:
主题词: 诗歌--文学批评史--世界--文集
电子资源:
ISBN: 7-5306-3231-0
000 00695nam0 2200229 45
001 0309211561
005 20031219104115.7
010    @a7-5306-3231-0@dCNY46.00
100    @a20030921d2002 km y0chiy0120 ea
101 0  @achi@cfre
105    @a z 000gy
200 1  @a诗学史@h上册@AShi Xue Shi@f(法)让·贝西埃等主编@F(Fa)Rang·Bei XiAi Deng Zhu Bian@g史忠义译
210    @a天津@c百花文艺出版社@d2002
215    @a505页@d20cm
225    @a新世纪人文译丛
410    @12001 @a新世纪人文译丛
606 0  @a诗歌@x文学批评史@y世界@x文集
690    @aI106.2@v4
701    @a贝西埃@4主编
702  0 @a史忠义@AShi Zhong Yi@4译
801    @aCN@bTSTC@c20030921
905    @b325949-951@dI106.2@e102:1@f3
    
    诗学史.上册/(法)让·贝西埃等主编/史忠义译.-天津:百花文艺出版社,2002
    505页;20cm.-(新世纪人文译丛)
    
    
    ISBN 7-5306-3231-0:CNY46.00
    
●
相关链接 在E读中查询图书 在五车中查询图书 在当当中查询图书 在豆瓣中查询图书


正题名:诗学史     索取号:I106.2/102:1         预约/预借

序号 登录号 条形码 馆藏地/架位号 状态 备注
1 0325949   203259491   第二借阅区/ [索取号:I106.2/102:1] 在馆    
2 0325950   203259507   第二借阅区/ [索取号:I106.2/102:1] 在馆    
3 0325951   203259516   第一样本阅览室/ [索取号:I106.2/102:1] 在馆    
唐山师范学院图书馆 欢迎您!
大连网信软件有限公司© 版权所有